5HLuxD.jpg

KING HENRY VIII SENIOR AND PRIMARY SCHOOL LIBRARY OPAC

The other / (Record no. 4679)

000 -LEADER
fixed length control field 01014cam a2200301 a 4500
001 - CONTROL NUMBER
control field 15517302
003 - CONTROL NUMBER IDENTIFIER
control field OSt
005 - DATE AND TIME OF LATEST TRANSACTION
control field 20250307105018.0
008 - FIXED-LENGTH DATA ELEMENTS--GENERAL INFORMATION
fixed length control field 081110s2008 enk b 001 0 eng
010 ## - LIBRARY OF CONGRESS CONTROL NUMBER
LC control number 2008300604
015 ## - NATIONAL BIBLIOGRAPHY NUMBER
National bibliography number GBA896709
Source bnb
020 ## - INTERNATIONAL STANDARD BOOK NUMBER
International Standard Book Number 9781844674169 (pbk.)
020 ## - INTERNATIONAL STANDARD BOOK NUMBER
International Standard Book Number 1844674169 (pbk.)
035 ## - SYSTEM CONTROL NUMBER
System control number (OCoLC)ocn227016555
040 ## - CATALOGING SOURCE
Original cataloging agency UKM
Transcribing agency UKM
Modifying agency BTCTA
-- YDXCP
-- BAKER
-- C#P
-- BWX
-- BWK
-- CDX
-- DLC
-- KH8
041 1# - LANGUAGE CODE
Language code of text/sound track or separate title eng
Language code of original pol
042 ## - AUTHENTICATION CODE
Authentication code lccopycat
082 04 - DEWEY DECIMAL CLASSIFICATION NUMBER
Classification number 909.09 KAP
Edition number 22
100 1# - MAIN ENTRY--PERSONAL NAME
Personal name Kapuściński, Ryszard,
Relator term author.
245 14 - TITLE STATEMENT
Title The other /
Statement of responsibility, etc. Ryszard Kapuściński ; translated by Antonia Lloyd-Jones ; with an introduction by Neal Ascherson.
260 ## - PUBLICATION, DISTRIBUTION, ETC.
Place of publication, distribution, etc. London ;
-- New York :
Name of publisher, distributor, etc. Verso,
Date of publication, distribution, etc. 2008.
300 ## - PHYSICAL DESCRIPTION
Extent 100 p. ;
Dimensions 21 cm.
500 ## - GENERAL NOTE
General note "First published as Ten inny, Wydawnicto Znak, Kraków 2006"--T.p. verso.
500 ## - GENERAL NOTE
General note Translated from the Polish.
504 ## - BIBLIOGRAPHY, ETC. NOTE
Bibliography, etc. note Includes bibliographical references and index.
650 #0 - SUBJECT ADDED ENTRY--TOPICAL TERM
Topical term or geographic name entry element East and West.
942 ## - ADDED ENTRY ELEMENTS (KOHA)
Source of classification or shelving scheme
Koha item type Books - Non Ficton
Holdings
Withdrawn status Lost status Source of classification or shelving scheme Damaged status Not for loan Collection code Permanent Location Current Location Shelving location Date acquired Full call number Barcode Date last seen Price effective from Koha item type
          Non-Fiction KH8 Senior School Library KH8 Senior School Library Non Fiction 2025-03-07 909.09 KAP 3KHSL000102252 2025-03-07 2025-03-07 Books - Non Ficton

Powered By KH8 IT Dept